Πεπερασμένα μαθηματικά : (σημειώσεις παραδόσεων)
Αποθηκεύτηκε σε:
| Κύριος συγγραφέας: | |
|---|---|
| Μορφή: | Βιβλίο |
| Γλώσσα: | Greek |
| Δημοσίευση: |
Αθήνα :
Συμεών,
1985.
|
| Θέματα: | |
| Ετικέτες: |
Προσθήκη ετικέτας
Δεν υπάρχουν, Καταχωρήστε ετικέτα πρώτοι!
|
MARC
| LEADER | 00000cam a2200000 i 4500 | ||
|---|---|---|---|
| 001 | 1/34353 | ||
| 008 | 941103s1985 gr | ||| |||| ||gre|| | ||
| 035 | |a 1989 |l 10039624 | ||
| 035 | |a 1992 |c ΒΙΒΛΙΟΘΗΚΗ | ||
| 040 | |a GR-MyUA |b gre |e AACR2 | ||
| 041 | 0 | |a gre | |
| 082 | 0 | |a 511.5 | |
| 100 | 1 | |a Γαλάνη, Ε. | |
| 245 | 1 | 0 | |a Πεπερασμένα μαθηματικά : |b (σημειώσεις παραδόσεων) / |c Ε. Γαλάνη. |
| 260 | |a Αθήνα : |b Συμεών, |c 1985. | ||
| 300 | |a 204 σ. ; |c 24 εκ. | ||
| 650 | 0 | 0 | |a Graph theory. |
| 650 | 0 | 0 | |a Algebra, Boolean. |
| 852 | |a INST |b SAMOS |e 19941103 |h 511.5 ΓΑΛ |p 005300001779 |q 005300001779 |t BK |y 0 | ||
| 852 | |a INST |b SAMOS |e 19941103 |h 511.5 ΓΑΛ |p 005300001780 |q 005300001780 |t BK |y 0 | ||
| 852 | |a INST |b SAMOS |e 19941103 |h 511.5 ΓΑΛ |p 005300001781 |q 005300001781 |t BK |y 23 | ||
| 909 | |a Σ |b 013927 | ||
| 909 | |a Σ |b 013928 | ||
| 909 | |a Σ |b 023208 | ||